000 00836nas a2200289 4500
001 BR9801355
003 BR-BrBNA
005 20231205100956.0
007 ta
008 230509b bl.|||p| |||| 00| 00por d
040 _aBR-BrBNA
_bpor
_cBiblioteca Nacional de Agricultura
041 _a(Pt)
072 _aF50
100 1 _aVale, A.T. do
100 1 _aSiqueira, M.J.
100 1 _aMachado, P. de O.R.
100 1 _aMelo, J.E. de
245 1 _aEstudo das propriedades fisicas e mecanicas da madeira
650 _aCerrado
650 _aMadeira
650 _aPropriedade Fisico-Quimica
650 _aPropriedade Mecanica
650 _aVachysiaceae
773 0 _tRevista Arvore (Brazil)
_xISSN 0100-6762
_g(May-Aug 1994), v. 18(2) p. 148-152
_wBR9801355
909 _a202311
_bLúcia
_c55
_dLúcia Elande
942 _2AGRIS
_n0
_cANA
999 _c159116
_d159116